000 00716nam a2200265Ia 4500
003 OSt
005 20220924152329.0
006 a|||||r|||| 00| 0
007 ta
008 220923b |||||||| |||| 00| 0 ara d
020 _a9643090124 (hbk)
024 _a342078
037 _cTextual
040 _aARTS
_cARTS
_bara
041 _2ara
_aara
082 _aQ7xD605, 28N5
100 _aShaheen Ibne Au.
_9226410
245 0 _aFasail Fatima al-Zehrai
260 _c1955
650 _aISLAM
_9577
700 _a Qalqashandi Au.
_9226411
700 _a Sevati Au.
_9226412
942 _hQ7xD605, 28N5
_cTEXL
_2CC
999 _c469494
_d469494